000 00373nam a22001697a 4500
003 MPLRDC
005 20220104143138.0
008 210129b ||||| |||| 00| 0 eng d
082 _a855 MG*
100 _a玛戈著
245 _a南洋之美
_c
250 _a初版
260 _a
_b新加坡青年书局
_c1959
300 _b
650 _a
942 _cBK
_o855 MG*
999 _c37068
_d37058